| 000 | 00755nam a22002057a 4500 | ||
|---|---|---|---|
| 999 |
_c11468 _d11468 |
||
| 003 | AR-CdUCM | ||
| 008 | 190404b ||||| |||| 00| 0 spa d | ||
| 040 |
_aMUNICIPALIDAD PROVINCIAL DEL CUSCO _cBIBLIOTECA MUNICIPAL DEL CUSCO |
||
| 082 |
_aC / 985.43 / _bG71 |
||
| 100 |
_aGonzales, Carlos Alberto _928845 |
||
| 245 | _aAntologia historica de Tacna (1732-1916) / | ||
| 260 |
_aLima : _bCMLP, _c1952. |
||
| 300 |
_a226 páginas ; _bimágenes. _c22 cm. |
||
| 505 | _aContenido: Corrida de toros -- El amor a la patria -- El tesoro del Cacique -- El vividor -- Historia de la pantorrilla -- Pueblo de héroes... | ||
| 650 |
_aAntología. _9142 |
||
| 650 |
_aTacna. _925062 |
||
| 650 |
_aHistoria de Tacna. _924421 |
||
| 942 |
_2ddc _cLIBROS |
||
| 945 | _awfj | ||